Statistics for Song Lyrics: Rammstein - Ich Tu Dir Weh

Click here to take the quiz!

General Stats

  • This quiz has been taken 139 times
  • The average score is 132 of 186

Answer Stats

Text% Correct
dir
99%
ich
99%
Ich
99%
tu
99%
weh,
99%
du
93%
Du
93%
gut,
89%
mir
89%
nicht.
88%
nicht
88%
Das
84%
das
84%
leid,
82%
tut
82%
Tut
82%
in
81%
mich,
81%
mich
81%
den
78%
dich
78%
lieb'
78%
schreit.
77%
es
75%
bist
74%
der
74%
Der
74%
für
74%
Nur
71%
Und
71%
und
71%
die
70%
Gesicht,
70%
Gesicht.
70%
am
68%
Ein
68%
ein.
68%
liebst
68%
wie
67%
im
66%
denn
64%
Leben,
64%
was
64%
Hört
62%
steck'
62%
ins
59%
dein
58%
ist
56%
mein
55%
Nein.
53%
Harnkanal,
52%
Stacheldraht
52%
Egal,
51%
ganz
51%
erlaubt
49%
gefällt.
49%
total
49%
gar
48%
Reise
48%
weiter.
48%
blutest
47%
geil.
47%
Kapitän,
47%
sag'
47%
Eiter.
45%
Körper
45%
lebst
45%
Schiff,
45%
schön
45%
Seelenheil,
45%
dann
44%
harte
44%
Schläge.
44%
wirst
44%
Bisse,
42%
ergeben.
42%
führ'
42%
kleiner
42%
seh'
42%
doch
41%
entstellt.
41%
Orden
41%
soll
41%
Wohin
41%
Wünsch'
41%
Bei
40%
Fleisch
40%
hab'
40%
Qual,
40%
Schnitt
40%
stirbst
40%
Tritte,
40%
Leg'
38%
Nagetiere
38%
Salz
38%
Spiegel
38%
gehn'?
37%
stumpfe
37%
Wahl
37%
Erst
36%
Sage,
36%
Nagelzangen,
8%

Score Distribution

Percentile by Number Answered

Percent of People with Each Score

Your Score History

You have not taken this quiz